Home Print Resources E-Books E-Journals IIMT Lecture Series Library Membership Form Book Recommendation Form Campus Tour Take AdmissionAbout Us Contact Us

Financial Services (Record no. 3143)

000 -LEADER
fixed length control field 00317nam a2200145Ia 4500
003 - CONTROL NUMBER IDENTIFIER
control field OSt
005 - DATE AND TIME OF LATEST TRANSACTION
control field 20240304123400.0
008 - FIXED-LENGTH DATA ELEMENTS--GENERAL INFORMATION
fixed length control field 170524s9999 xx 000 0 und d
020 ## - INTERNATIONAL STANDARD BOOK NUMBER
International Standard Book Number 978-9352607754
040 ## - CATALOGING SOURCE
Transcribing agency IIMT UINVERSITY
100 ## - MAIN ENTRY--PERSONAL NAME
Personal name Khan MY
245 #0 - TITLE STATEMENT
Title Financial Services
260 ## - PUBLICATION, DISTRIBUTION, ETC.
Place of publication, distribution, etc. TMH
942 ## - ADDED ENTRY ELEMENTS (KOHA)
Source of classification or shelving scheme
Koha item type Text-Book- for 7 days
Holdings
Withdrawn status Lost status Source of classification or shelving scheme Damaged status Not for loan Home library Current library Date acquired Barcode Date last seen Price effective from Koha item type
          IIMT University Central Library Meerut IIMT University Central Library Meerut 05/31/2017 01-B-23124 05/31/2017 05/31/2017 Book Bank
          IIMT University Central Library Meerut IIMT University Central Library Meerut 05/31/2017 01-B-23125 05/31/2017 05/31/2017 Book Bank
          IIMT University Central Library Meerut IIMT University Central Library Meerut 05/31/2017 01-B-23126 05/31/2017 05/31/2017 Book Bank
          IIMT University Central Library Meerut IIMT University Central Library Meerut 05/31/2017 01-B-23127 05/31/2017 05/31/2017 Book Bank
          IIMT University Central Library Meerut IIMT University Central Library Meerut 05/31/2017 01-B-23128 05/31/2017 05/31/2017 Book Bank
          IIMT University Central Library Meerut IIMT University Central Library Meerut 05/31/2017 01-B-23129 05/31/2017 05/31/2017 Book Bank
IIMT, Central Library. All Rights Reserved IIMT,UNIVERSITY © 2023
Implemented and Customised by I CLOUDE EMS
You Are OPAC Visitor No
free web counter

Powered by Koha